[Event "SLO-chT2 West"]
[Site "Komenda"]
[Date "2022.11.27"]
[Round "7.6"]
[White "Torkar, Boris"]
[Black "Sever, Gasper"]
[Result "0-1"]
[WhiteElo "1774"]
[BlackElo "1241"]
[PlyCount "76"]
[EventDate "2022.11.19"]
[EventType "team-tourn"]
[EventRounds "7"]
[EventCountry "SLO"]
[SourceTitle "EXT 2024"]
[Source "ChessBase"]
[SourceDate "2023.10.10"]
[SourceVersion "1"]
[SourceVersionDate "2023.10.10"]
[SourceQuality "1"]
[WhiteTeam "Radovljica"]
[BlackTeam "Vrhnika II"]
[WhiteTeamCountry "SLO"]
[BlackTeamCountry "SLO"]

1. d4 d5 2. c4 e6 3. e3 c5 4. dxc5 Bxc5 5. cxd5 exd5 6. Nf3 Nc6 7. Be2 Nf6 8. 0-0 0-0 9. a3 d4 10. Qc2 Bd6 11. exd4 Bg4 12. Be3 Nd5 13. Ng5 f5 14. Ne6 Bxh2+ 15. Kxh2 Qd6+ 16. Kg1 Bxe2 17. Nxf8 Bxf1 18. Nxh7 f4 19. Ng5 g6 20. Nc3 Bxg2 21. Nxd5 Bxd5 22. Bxf4 Qxf4 23. Qxg6+ Kf8 24. Nh7+ Ke7 25. Re1+ Kd8 26. Re8+ Kc7 27. Qg7+ Kb6 28. Nf6 Qc1+ 29. Kh2 Qh1+ 30. Kg3 Qg1+ 31. Kf4 Qxg7 32. Nxd5+ Kb5 33. Nc3+ Kc4 34. Rxa8 Qxd4+ 35. Kg3 Ne5 36. f4 Qe3+ 37. Kg2 Qf3+ 38. Kg1 Ng4 0-1

[Event "SLO-chT2 West"]
[Site "Komenda"]
[Date "2022.11.26"]
[Round "5.6"]
[White "Robic, Ziga"]
[Black "Torkar, Boris"]
[Result "0-1"]
[WhiteElo "1119"]
[BlackElo "1774"]
[PlyCount "118"]
[EventDate "2022.11.19"]
[EventType "team-tourn"]
[EventRounds "7"]
[EventCountry "SLO"]
[SourceTitle "EXT 2024"]
[Source "ChessBase"]
[SourceDate "2023.10.10"]
[SourceVersion "1"]
[SourceVersionDate "2023.10.10"]
[SourceQuality "1"]
[WhiteTeam "Gorenjka Lesce"]
[BlackTeam "Radovljica"]
[WhiteTeamCountry "SLO"]
[BlackTeamCountry "SLO"]

1. e4 e6 2. d4 d5 3. e5 c5 4. Nf3 Nc6 5. Be3 c4 6. Be2 Nge7 7. 0-0 Nf5 8. Bf4 Qb6 9. b3 cxb3 10. axb3 Ncxd4 11. Bd3 Nxf3+ 12. Qxf3 Nd4 13. Qe3 Bc5 14. Qg3 g6 15. Nc3 Bd7 16. Kh1 0-0-0 17. Ra2 a6 18. Na4 Bxa4 19. Rxa4 Nf5 20. Qf3 h5 21. Bxf5 gxf5 22. Bg5 Rdg8 23. h4 Qb5 24. c4 dxc4 25. Rxc4 Kb8 26. Qd3 Ka8 27. Qc2 Bb6 28. f4 Kb8 29. Rd1 Rc8 30. Rd6 Rxc4 31. bxc4 Qc5 32. Qc1 Rc8 33. Kh2 Qf2 34. Qb1 Ka7 35. Qc1 Rg8 36. Rd2 Be3 37. Rxf2 Bxc1 38. Rc2 Be3 39. Kg3 Bc5 40. Kf3 a5 41. Ra2 b6 42. Ke2 Kb7 43. Kd3 Ra8 44. Ra4 Kc6 45. Kc3 b5 46. cxb5+ Kxb5 47. Ra2 Bb4+ 48. Kb3 a4+ 49. Kb2 Rc8 50. Kb1 Rc4 51. Rb2 Rc3 52. Ka2 Ra3+ 53. Kb1 Rb3 54. Rxb3 axb3 55. Kb2 Kc4 56. Bd8 Bd2 57. Bg5 Bc3+ 58. Kb1 Kd3 59. Kc1 Ke2 0-1

[Event "SLO-chT2 West"]
[Site "Komenda"]
[Date "2022.11.19"]
[Round "1.5"]
[White "Torkar, Boris"]
[Black "Smirnov, Maksim"]
[Result "1-0"]
[WhiteElo "1774"]
[BlackElo "1293"]
[PlyCount "161"]
[EventDate "2022.11.19"]
[EventType "team-tourn"]
[EventRounds "7"]
[EventCountry "SLO"]
[SourceTitle "EXT 2024"]
[Source "ChessBase"]
[SourceDate "2023.10.10"]
[SourceVersion "1"]
[SourceVersionDate "2023.10.10"]
[SourceQuality "1"]
[WhiteTeam "Radovljica"]
[BlackTeam "Kranj Tomo Zupan II"]
[WhiteTeamCountry "SLO"]
[BlackTeamCountry "SLO"]

1. d4 c6 2. c4 d5 3. e3 Nf6 4. Nc3 e6 5. Nf3 Nbd7 6. Bd3 Bd6 7. 0-0 0-0 8. e4 dxe4 9. Nxe4 Nxe4 10. Bxe4 Nf6 11. Bc2 b6 12. Bg5 Bb7 13. Qd3 g6 14. Rfe1 Be7 15. h3 Re8 16. Rad1 Qc7 17. Ne5 Rad8 18. Qf3 Kg7 19. h4 Rf8 20. Qe3 Rfe8 21. Qf4 h5 22. Nxg6 Qxf4 23. Nxf4 Rh8 24. Be4 Rd7 25. Bf3 Ng4 26. Nxh5+ Rxh5 27. Bxg4 Rh8 28. Bxe7 Rxe7 29. g3 Ree8 30. Bf3 Kf6 31. b4 Reg8 32. Kh2 Ba6 33. c5 Bb5 34. Rc1 Rc8 35. Ra1 Ba4 36. Bd1 Bxd1 37. Rexd1 Rhd8 38. a4 Rd5 39. Rac1 Rb8 40. Rb1 bxc5 41. bxc5 Rxb1 42. Rxb1 Rxd4 43. Rb7 Rxa4 44. Rc7 Rc4 45. Rxc6 a5 46. f3 a4 47. g4 a3 48. Ra6 a2 49. Rxa2 Rxc5 50. Kg3 Rc3 51. Re2 Ra3 52. h5 Kg5 53. Rh2 Kh6 54. Rc2 Kg5 55. Rc8 Kh6 56. Rg8 Kh7 57. Rc8 Kh6 58. Rc7 f5 59. Kh4 fxg4 60. fxg4 Ra4 61. Rf7 Re4 62. Rf6+ Kg7 63. Rg6+ Kf7 64. Rg5 Re1 65. Rb5 e5 66. Kg5 e4 67. Rb7+ Ke6 68. Kg6 e3 69. Rb2 Ke5 70. g5 Kf4 71. Rb4+ Kf3 72. h6 Rd1 73. Rb3 Rd6+ 74. Kh5 Kf4 75. Rxe3 Kxe3 76. g6 Kf4 77. g7 Rd8 78. h7 Rd5+ 79. Kg6 Rd6+ 80. Kf7 Rd7+ 81. Kf8 1-0

[Event "SLO-chT2 West"]
[Site "Komenda"]
[Date "2021.11.28"]
[Round "4.4"]
[White "Torkar, Boris"]
[Black "Solmajer, Luka"]
[Result "0-1"]
[WhiteElo "1802"]
[BlackElo "1986"]
[PlyCount "63"]
[EventDate "2021.11.27"]
[EventType "team-tourn"]
[EventRounds "7"]
[EventCountry "SLO"]
[SourceTitle "EXT 2024"]
[Source "ChessBase"]
[SourceDate "2023.10.10"]
[SourceVersion "1"]
[SourceVersionDate "2023.10.10"]
[SourceQuality "1"]
[WhiteTeam "Radovljica"]
[BlackTeam "Ilirska Bistrica Rinex"]
[WhiteTeamCountry "SLO"]
[BlackTeamCountry "SLO"]

1. d4 f5 2. c4 g6 3. Nc3 Nf6 4. Bf4 Bg7 5. e3 0-0 6. Nf3 d6 7. Be2 e6 8. 0-0 c6 9. h3 Qe7 10. Rc1 Nbd7 11. c5 dxc5 12. dxc5 e5 13. Bc4+ Kh8 14. Bg3 Qxc5 15. Be6 Qe7 16. Bb3 h6 17. Nh4 Kh7 18. Bc2 Nc5 19. f3 Nd5 20. Nxd5 cxd5 21. f4 e4 22. b4 Na6 23. Qxd5 Be6 24. Qa5 Nxb4 25. Bb1 b6 26. Qa4 Bf6 27. Bxe4 Bd7 28. Rc7 Bxa4 29. Rxe7+ Bxe7 30. Bxa8 Rxa8 31. Rc1 Bc5 32. Rd1 0-1

[Event "Oskarja Memorial 10th"]
[Site "Chess.com INT"]
[Date "2021.01.16"]
[Round "5"]
[White "Torkar, Boris"]
[Black "Zitnik, Urban"]
[Result "1-0"]
[WhiteElo "1778"]
[BlackElo "1641"]
[PlyCount "75"]
[EventDate "2021.01.16"]
[EventType "swiss (blitz)"]
[EventRounds "15"]
[EventCountry "SLO"]
[SourceTitle "CBM 200 Extra"]
[Source "ChessBase"]
[SourceDate "2021.03.31"]
[SourceVersion "1"]
[SourceVersionDate "2021.03.31"]
[SourceQuality "1"]

1. d4 b6 2. c4 Bb7 3. Nc3 d6 4. Nf3 Nd7 5. Bf4 g6 6. e3 Bg7 7. Be2 Ngf6 8. 0-0 0-0 9. Rc1 Nh5 10. Bg5 f6 11. Bh4 Bh6 12. Bg3 Ng7 13. a3 e5 14. dxe5 fxe5 15. h3 Nf5 16. Bh2 a6 17. Ra1 Nf6 18. Nd5 Nxd5 19. cxd5 Qd7 20. e4 Ne7 21. Nd2 Bf4 22. Bxf4 Rxf4 23. Bg4 Qd8 24. Be6+ Kg7 25. Re1 Bc8 26. Bxc8 Rxc8 27. Nf3 h6 28. Rc1 g5 29. Qd3 Ng6 30. Qxa6 Qd7 31. Nh2 h5 32. f3 Rh4 33. Rc6 Nf4 34. Rec1 Kh6 35. Qb7 Rf8 36. Rxc7 Ne2+ 37. Kf2 Qb5 38. Rh7+ 1-0

[Event "Oskarja Memorial 10th"]
[Site "Chess.com INT"]
[Date "2021.01.16"]
[Round "4"]
[White "Volf, Zdravko"]
[Black "Torkar, Boris"]
[Result "0-1"]
[WhiteElo "1784"]
[BlackElo "1778"]
[PlyCount "66"]
[EventDate "2021.01.16"]
[EventType "swiss (blitz)"]
[EventRounds "15"]
[EventCountry "SLO"]
[SourceTitle "CBM 200 Extra"]
[Source "ChessBase"]
[SourceDate "2021.03.31"]
[SourceVersion "1"]
[SourceVersionDate "2021.03.31"]
[SourceQuality "1"]

1. e4 e6 2. d4 d5 3. exd5 exd5 4. Bd3 Nf6 5. Nf3 Bd6 6. Bg5 0-0 7. 0-0 Bg4 8. Nbd2 c6 9. c3 Nbd7 10. Qc2 Qc7 11. h3 Bh5 12. a3 Rfe8 13. b4 a6 14. Rfe1 Bf4 15. Bxf4 Qxf4 16. a4 Bg6 17. Bxg6 hxg6 18. Qd3 Nf8 19. Ne5 Ne6 20. b5 axb5 21. axb5 cxb5 22. Ndf3 Ne4 23. Qxb5 Nxc3 24. Qxb7 Rxa1 25. Rxa1 Nxd4 26. Qd7 Nxf3+ 27. Nxf3 Rf8 28. Qc6 Qc4 29. Qd6 Ne2+ 30. Kh1 Qc3 31. Ra7 d4 32. Ne5 Qe1+ 33. Kh2 Qg1# 0-1

[Event "Bled op"]
[Site "Bled"]
[Date "2017.03.10"]
[Round "1"]
[White "Torkar, Boris"]
[Black "Pecnik, Leo"]
[Result "0-1"]
[WhiteElo "1822"]
[BlackElo "2340"]
[PlyCount "64"]
[EventDate "2017.03.10"]
[EventType "swiss"]
[EventRounds "5"]
[EventCountry "SLO"]
[SourceTitle "EXT 2019"]
[Source "ChessBase"]
[SourceDate "2018.10.10"]
[SourceVersion "1"]
[SourceVersionDate "2018.10.10"]
[SourceQuality "1"]

1. d4 Nf6 2. c4 e5 3. dxe5 Ne4 4. Nf3 Nc6 5. Qc2 Bb4+ 6. Nbd2 d5 7. a3 Bxd2+ 8. Bxd2 Bf5 9. Qd1 d4 10. g3 Qd7 11. Bg2 Bh3 12. 0-0 0-0-0 13. b4 Bxg2 14. Kxg2 Qf5 15. b5 Nxe5 16. Nxe5 Qxe5 17. Bf4 Qe6 18. Qd3 g5 19. Bc1 h5 20. f3 Nc5 21. Qc2 f6 22. Bb2 Rhe8 23. Rfe1 g4 24. f4 d3 25. exd3 Qxe1 26. Rxe1 Rxe1 27. Bxf6 Rxd3 28. Qf2 Red1 29. Qxc5 R3d2+ 30. Qf2 Kd7 31. f5 Rxf2+ 32. Kxf2 Rd3 0-1

[Event "SLO-chT2 West"]
[Site "Komenda"]
[Date "2016.11.27"]
[Round "8.3"]
[White "Djuric, Petar2222"]
[Black "Torkar, Boris"]
[Result "1-0"]
[WhiteElo "2112"]
[BlackElo "1864"]
[PlyCount "81"]
[EventDate "2016.11.11"]
[EventType "team-tourn"]
[EventRounds "9"]
[EventCountry "SLO"]
[SourceTitle "EXT 2019"]
[Source "ChessBase"]
[SourceDate "2018.10.10"]
[SourceVersion "1"]
[SourceVersionDate "2018.10.10"]
[SourceQuality "1"]
[WhiteTeam "Kranj Stari Mayr"]
[BlackTeam "Radovljica"]
[WhiteTeamCountry "SLO"]
[BlackTeamCountry "SLO"]

1. c4 c6 2. Nf3 d5 3. Qc2 e6 4. g3 Nf6 5. Bg2 Bd6 6. 0-0 0-0 7. d3 e5 8. cxd5 cxd5 9. Nc3 Be6 10. Ng5 Qd7 11. Nxe6 Qxe6 12. Qb3 Nbd7 13. Nxd5 Nc5 14. Nxf6+ Qxf6 15. Qd5 Rab8 16. Be3 b6 17. Rac1 Rfd8 18. Rc4 Be7 19. Qf3 Qe6 20. Rfc1 Rbc8 21. b3 h6 22. Qh5 Rb8 23. Bh3 Qf6 24. Rg4 Kh7 25. Rh4 Rd6 26. Qf5+ Qxf5 27. Bxf5+ Kg8 28. Rhc4 Rdd8 29. b4 Na6 30. a3 Bd6 31. Rc6 g6 32. Bc8 Nc7 33. Rxd6 Rdxc8 34. Rdc6 Rb7 35. Bxh6 Kh7 36. Bg5 Ne6 37. Rxc8 Nxg5 38. R1c7 Rxc7 39. Rxc7 a5 40. bxa5 bxa5 41. Ra7 1-0

[Event "SLO-chT2 West"]
[Site "Komenda"]
[Date "2016.11.11"]
[Round "1.2"]
[White "Marn, Jan"]
[Black "Torkar, Boris"]
[Result "0-1"]
[WhiteElo "1934"]
[BlackElo "1864"]
[PlyCount "75"]
[EventDate "2016.11.11"]
[EventType "team-tourn"]
[EventRounds "9"]
[EventCountry "SLO"]
[SourceTitle "EXT 2019"]
[Source "ChessBase"]
[SourceDate "2018.10.10"]
[SourceVersion "1"]
[SourceVersionDate "2018.10.10"]
[SourceQuality "1"]
[WhiteTeam "Komenda II"]
[BlackTeam "Radovljica"]
[WhiteTeamCountry "SLO"]
[BlackTeamCountry "SLO"]

1. e4 e6 2. d4 d5 3. e5 c5 4. c3 Nc6 5. Nf3 Bd7 6. a3 Qb6 7. b4 c4 8. Be2 Nge7 9. Nbd2 Nf5 10. Nf1 Be7 11. h4 h5 12. Ne3 Nh6 13. Ng5 g6 14. g4 hxg4 15. Bxg4 0-0-0 16. f4 Rdf8 17. Bd2 Qd8 18. Qe2 Nf5 19. Bxf5 gxf5 20. 0-0-0 a5 21. Kb2 Qb6 22. Nc2 Kc7 23. h5 Na7 24. h6 Ba4 25. h7 Nb5 26. Ra1 Bxg5 27. fxg5 Ra8 28. Qh5 Raf8 29. g6 fxg6 30. Qxg6 Rc8 31. Rag1 Bxc2 32. Qg7+ Kc6 33. Kxc2 axb4 34. axb4 Nxd4+ 35. cxd4 Qxd4 36. b5+ Kb6 37. Ba5+ Ka7 38. Bc7 0-1

[Event "SLO-chT2 West"]
[Site "Slovenia"]
[Date "2015.10.17"]
[Round "1"]
[White "Biti, Ana"]
[Black "Torkar, Boris"]
[Result "0-1"]
[WhiteElo "2036"]
[BlackElo "1853"]
[PlyCount "101"]
[EventDate "2015.10.17"]
[EventType "team-tourn"]
[EventRounds "7"]
[EventCountry "SLO"]
[SourceTitle "EXT 2019"]
[Source "ChessBase"]
[SourceDate "2018.10.10"]
[SourceVersion "1"]
[SourceVersionDate "2018.10.10"]
[SourceQuality "1"]
[WhiteTeam "Posocje"]
[BlackTeam "Radovljica"]
[WhiteTeamCountry "SLO"]
[BlackTeamCountry "SLO"]

1. e4 e6 2. d3 d5 3. Qe2 Nf6 4. Nf3 c5 5. g3 Nc6 6. Bg2 Be7 7. 0-0 0-0 8. c3 dxe4 9. dxe4 e5 10. Bg5 Bg4 11. Bxf6 Bxf6 12. Na3 a6 13. Nc4 b5 14. Ne3 Bh5 15. Rfd1 Qb8 16. Nd5 Rd8 17. Qe3 c4 18. Rd2 Qa7 19. Qxa7 Rxa7 20. h4 Rad7 21. Nh2 Bg6 22. Ng4 Kf8 23. Ngxf6 gxf6 24. f4 f5 25. Bh3 exf4 26. gxf4 Ne7 27. Rad1 Bh5 28. Re1 Bf3 29. Rf2 Bxe4 30. Nf6 Rd1 31. Rff1 Rxe1 32. Rxe1 Rd2 33. Nxh7+ Kg7 34. Ng5 Rxb2 35. Nxe4 fxe4 36. Rxe4 Nd5 37. Re5 Nxc3 38. Rg5+ Kh6 39. Bg4 Ne2+ 40. Kf1 Nxf4 41. Rf5 Ng6 42. h5 Nh8 43. Rf6+ Kg7 44. Rxa6 c3 45. h6+ Kh7 46. Bf5+ Ng6 47. Ke1 Kxh6 48. a3 Kg5 49. Bd3 Ne5 50. Be4 f5 51. Bg2 0-1

[Event "SLO-chT2 West"]
[Site "Ljubljana"]
[Date "2014.11.08"]
[Round "8.5"]
[White "Sivcevic, Nusret"]
[Black "Torkar, Boris"]
[Result "1-0"]
[WhiteElo "1843"]
[BlackElo "1876"]
[PlyCount "109"]
[EventDate "2014.10.17"]
[EventType "team-tourn"]
[EventRounds "9"]
[EventCountry "SLO"]
[SourceTitle "EXT 2019"]
[Source "ChessBase"]
[SourceDate "2018.10.10"]
[SourceVersion "1"]
[SourceVersionDate "2018.10.10"]
[SourceQuality "1"]
[WhiteTeam "Ljubljana KC"]
[BlackTeam "Radovljica"]
[WhiteTeamCountry "SLO"]
[BlackTeamCountry "SLO"]

1. f4 d5 2. Nf3 Nf6 3. g3 Bf5 4. Bg2 e6 5. b3 Be7 6. Bb2 0-0 7. 0-0 Nbd7 8. e3 c5 9. d3 Rc8 10. Nbd2 Nb6 11. Qe2 Qc7 12. Be5 Qd7 13. Rad1 h6 14. e4 Bh7 15. Bxf6 Bxf6 16. a4 a5 17. h4 Qc7 18. e5 Be7 19. c4 Rcd8 20. Nb1 Nc8 21. Nc3 dxc4 22. dxc4 Na7 23. Rd2 Rxd2 24. Nxd2 Rd8 25. Be4 Qd7 26. Bxh7+ Kxh7 27. Nde4 Qd3 28. Kf2 Nc6 29. Qxd3 Rxd3 30. Ke2 Nb4 31. Rd1 Rxd1 32. Kxd1 Kg6 33. Ke2 Kf5 34. Nd6+ Bxd6 35. exd6 e5 36. Nd5 Nc2 37. Ne3+ Nxe3 38. d7 exf4 39. d8Q g5 40. Qd7+ Kg6 41. gxf4 gxf4 42. Kf3 Nf5 43. Kxf4 Nd4 44. Qxb7 Ne6+ 45. Ke5 Nd4 46. Qb6+ Kh5 47. Qf6 Kg4 48. Qxh6 Nf3+ 49. Kf6 Nxh4 50. Qe3 Ng6 51. Qxc5 Kf4 52. Qxa5 Ke4 53. Qd5+ Kf4 54. Qf5+ Kg3 55. Qxg6+ 1-0

[Event "SLO-chT2 West"]
[Site "Ljubljana"]
[Date "2014.11.07"]
[Round "6.5"]
[White "Janko, Roman"]
[Black "Torkar, Boris"]
[Result "1-0"]
[WhiteElo "1835"]
[BlackElo "1876"]
[PlyCount "109"]
[EventDate "2014.10.17"]
[EventType "team-tourn"]
[EventRounds "9"]
[EventCountry "SLO"]
[SourceTitle "EXT 2019"]
[Source "ChessBase"]
[SourceDate "2018.10.10"]
[SourceVersion "1"]
[SourceVersionDate "2018.10.10"]
[SourceQuality "1"]
[WhiteTeam "Dolenjske Toplice"]
[BlackTeam "Radovljica"]
[WhiteTeamCountry "SLO"]
[BlackTeamCountry "SLO"]

1. e4 d5 2. exd5 Qxd5 3. Nf3 Bg4 4. Nc3 Qd8 5. Bc4 e6 6. d4 Nf6 7. h3 Bh5 8. Qe2 c6 9. g4 Bg6 10. Bg5 Be7 11. 0-0-0 Nd5 12. Nxd5 Bxg5+ 13. Nxg5 Qxg5+ 14. f4 Qd8 15. Ne3 Be4 16. Rhe1 0-0 17. Bb3 b5 18. g5 a5 19. Ng4 Bf5 20. c3 Nd7 21. h4 Qb6 22. h5 b4 23. cxb4 Qxb4 24. Ne3 Rfb8 25. Nxf5 a4 26. Bxe6 Re8 27. Qc4 Qxc4+ 28. Bxc4 Nb6 29. Nd6 Rxe1 30. Rxe1 Rd8 31. b3 Kf8 32. Nf5 g6 33. hxg6 hxg6 34. Ne3 Rxd4 35. Ng4 Nxc4 36. bxc4 Rxc4+ 37. Kb2 f5 38. Ne5 Rd4 39. Nxg6+ Kg7 40. Re6 Rc4 41. Rf6 c5 42. Ka3 Re4 43. Nf8 Re8 44. Rxf5 Rc8 45. Ne6+ Kg6 46. Rxc5 Re8 47. f5+ Kf7 48. Rc7+ Kg8 49. Kxa4 Kh8 50. Kb4 Rb8+ 51. Kc5 Ra8 52. g6 Ra5+ 53. Kd6 Ra8 54. f6 Re8 55. Rh7+ 1-0

[Event "SLO-chT2 West"]
[Site "Ljubljana"]
[Date "2013.11.16"]
[Round "8.5"]
[White "Torkar, Boris"]
[Black "Gorsic, Jure"]
[Result "1-0"]
[WhiteElo "1852"]
[BlackElo "1827"]
[PlyCount "55"]
[EventDate "2013.11.08"]
[EventType "team"]
[EventRounds "9"]
[EventCountry "SLO"]
[SourceTitle "EXT 2015"]
[Source "ChessBase"]
[SourceDate "2014.11.20"]
[SourceVersion "1"]
[SourceVersionDate "2014.11.20"]
[SourceQuality "1"]
[WhiteTeam "Radovljica"]
[BlackTeam "Lojz Kraigher"]
[WhiteTeamCountry "SLO"]
[BlackTeamCountry "SLO"]

1. d4 d5 2. c4 Nc6 3. e3 e5 4. dxe5 d4 5. exd4 Qxd4 6. Qxd4 Nxd4 7. Bd3 Be6 8. Ne2 Nc6 9. Be4 Nxe5 10. f4 Nf6 11. fxe5 Nxe4 12. b3 Bb4+ 13. Bd2 Nxd2 14. Nxd2 0-0-0 15. Rd1 Bf5 16. a3 Bxd2+ 17. Rxd2 Rxd2 18. Kxd2 Rd8+ 19. Kc1 Rd3 20. Rf1 Bg6 21. Rf3 Rd7 22. Nf4 Be4 23. Rf2 Kd8 24. e6 Re7 25. exf7 Rxf7 26. Ne6+ Ke7 27. Rxf7+ Kxf7 28. Ng5+ 1-0

[Event "SLO-chT2 West"]
[Site "Ljubljana"]
[Date "2013.11.16"]
[Round "7.5"]
[White "Torkar, Boris"]
[Black "Kralj, Manca"]
[Result "1-0"]
[WhiteElo "1852"]
[BlackElo "1786"]
[PlyCount "84"]
[EventDate "2013.11.08"]
[EventType "team"]
[EventRounds "9"]
[EventCountry "SLO"]
[SourceTitle "EXT 2015"]
[Source "ChessBase"]
[SourceDate "2014.11.20"]
[SourceVersion "1"]
[SourceVersionDate "2014.11.20"]
[SourceQuality "1"]
[WhiteTeam "Radovljica"]
[BlackTeam "Komenda Popotnik"]
[WhiteTeamCountry "SLO"]
[BlackTeamCountry "SLO"]

1. d4 d5 2. c4 dxc4 3. e3 Nf6 4. Bxc4 e6 5. Nf3 Nc6 6. 0-0 Be7 7. b3 b6 8. Bb2 0-0 9. Nc3 Bb7 10. Rc1 Rc8 11. Qe2 Nb4 12. Ng5 Nfd5 13. Nf3 c6 14. Rfd1 b5 15. Bxd5 Nxd5 16. Ne4 Nf6 17. Nc5 Ba8 18. Ng5 Bxc5 19. dxc5 Qe7 20. Bxf6 Qxf6 21. Ne4 Qe7 22. Rd6 Rc7 23. Rcd1 Bb7 24. Qh5 h6 25. Qe5 Re8 26. Ng3 f6 27. Qe4 Qf7 28. Ne2 e5 29. Ng3 Re6 30. Rd8+ Re8 31. h3 Bc8 32. Nf5 Bxf5 33. Qxf5 Qe7 34. R8d6 a5 35. e4 Kh8 36. R1d3 a4 37. b4 Qf7 38. a3 Qc4 39. Qg6 Rf8 40. Rd8 Rc8 41. R8d7 Rc7 42. Rxc7 Qxd3 1-0

[Event "SLO-chT2 West"]
[Site "Ljubljana"]
[Date "2012.10.21"]
[Round "5.5"]
[White "Janzelj, Lara"]
[Black "Torkar, Boris"]
[Result "0-1"]
[WhiteElo "1775"]
[BlackElo "1849"]
[PlyCount "72"]
[EventDate "2012.10.19"]
[EventType "team-tourn"]
[EventRounds "9"]
[EventCountry "SLO"]
[SourceTitle "EXT 2022"]
[Source "ChessBase"]
[SourceDate "2021.10.06"]
[SourceVersion "1"]
[SourceVersionDate "2021.10.06"]
[SourceQuality "1"]
[WhiteTeam "Ig"]
[BlackTeam "Radovljica"]
[WhiteTeamCountry "SLO"]
[BlackTeamCountry "SLO"]

1. d4 d5 2. c4 e6 3. Nc3 c6 4. Nf3 Bd6 5. e3 Nf6 6. Be2 Nbd7 7. 0-0 0-0 8. b3 b6 9. Qc2 Bb7 10. Bb2 Rc8 11. e4 dxe4 12. Nxe4 Be7 13. Rfd1 Nxe4 14. Qxe4 Bf6 15. Ne5 Qc7 16. Bd3 g6 17. Nxd7 Qxd7 18. Qf4 Bg7 19. Bc2 Qc7 20. Qh4 Rfd8 21. Rd3 Rd7 22. Rad1 Qd8 23. Qg4 Qe7 24. Bc1 Rcd8 25. Be3 f5 26. Qg3 Bf6 27. f3 Qg7 28. Kf1 g5 29. Bf2 h5 30. f4 g4 31. Qe3 Qf7 32. c5 Ba6 33. cxb6 axb6 34. Re1 Bxd4 35. Qxe6 Qxe6 36. Rxe6 Bxf2 0-1

[Event "SLO-chT3 West"]
[Site "Kocevje"]
[Date "2009.11.13"]
[Round "1"]
[White "Torkar, Boris"]
[Black "Vertacnik, Viktor"]
[Result "1-0"]
[WhiteElo "1529"]
[BlackElo "1656"]
[PlyCount "67"]
[EventDate "2009.11.13"]
[EventType "swiss"]
[EventRounds "5"]
[EventCountry "SLO"]
[SourceTitle "EXT 2022"]
[Source "ChessBase"]
[SourceDate "2021.10.06"]
[SourceVersion "1"]
[SourceVersionDate "2021.10.06"]
[SourceQuality "1"]

1. d4 d5 2. c4 e6 3. Nc3 b6 4. Nf3 Nf6 5. Bg5 Be7 6. e3 0-0 7. Bd3 Bb7 8. 0-0 Nbd7 9. Rc1 Rc8 10. a3 dxc4 11. Bxc4 c5 12. Ba2 Re8 13. Qe2 Ne4 14. Bf4 Ndf6 15. Rfd1 Nxc3 16. Rxc3 Bd5 17. dxc5 Rxc5 18. Rxc5 Bxc5 19. Bg5 Qa8 20. Bxd5 Nxd5 21. e4 Ne7 22. b4 Bxf2+ 23. Kxf2 f6 24. Bf4 e5 25. Bc1 Rc8 26. Bb2 Rc7 27. Rc1 Rd7 28. Qc4+ Kf8 29. b5 Qd8 30. Rc2 Ng6 31. g3 Ne7 32. a4 Rd3 33. Ke2 f5 34. Qxd3 1-0